Statistics for NFL All-Time Sacks Leaders

Click here to take the quiz!

General Stats

  • This quiz has been taken 5,286 times
    (1,794 since last reset)
  • The average score is 9 of 20

Answer Stats

SacksTeamCareerPlayer% Correct
123.5DEN2011–Von Miller
86%
198.0PHI1985–2000Reggie White
80%
132.5NYG1986–1999Lawrence Taylor
78%
200.0BUF1985–2003Bruce Smith
77%
139.5MIA1997–2011Jason Taylor
75%
141.5NYG1993–2007Michael Strahan
72%
159.5CAR2002–2018Julius Peppers
59%
139.0BAL2003–2019Terrell Suggs
55%
138.5DAL2005–2016Demarcus Ware
52%
136.0MIN2004–2015Jared Allen
46%
160.0LAR1985–1999Kevin Greene
42%
126.5KC1989–1999Derrick Thomas
40%
125.5IND2002–2017Dwight Freeney
40%
137.5MIN1990–2003John Randle
36%
123.0IND2003–2016Robert Mathis
29%
137.5CHI1983–1997Richard Dent
25%
150.5MIN1985–1999Chris Doleman
17%
128.0NO1981–1995Rickey Jackson
17%
133.5ATL2000–2014John Abraham
13%
132.5SD1981–1993Leslie O'Neal
7%

Score Distribution

Percentile by Number Answered

Percent of People with Each Score

Your Score History

You have not taken this quiz since the last reset